| 000 | 00544nab a2200193 a 4500 | ||
|---|---|---|---|
| 005 | 20210219155406.0 | ||
| 008 | 991125s1985 mx 000 0 spa u | ||
| 035 | _aUPN01000144381 | ||
| 100 | 1 | _aDiaz Aguado, María José | |
| 222 | _aREVISTA IBEROAMERICANA DE EDUCACION | ||
| 245 | _a¿Por qué se produce la violencia escolar y cómo prevenirla? | ||
| 260 | _aMadrid, España | ||
| 300 | _a17-47 | ||
| 362 | 0 | _a2005 No. 37, ene.-abr. | |
| 653 | 0 | _aVIOLENCIA ESCOLAR | |
| 653 | 0 | _aBULLYING | |
| 653 | 0 | _aJOVENES | |
| 905 | _aArticulo | ||
| 999 |
_c116528 _d116528 |
||